[Event "Bad Woerishofen op 24th"]
[Site "Bad Woerishofen"]
[Date "2008.03.03"]
[Round "5"]
[White "Semmler, Guenter"]
[Black "Malzer, Werner"]
[Result "1-0"]
[WhiteElo "1877"]
[BlackElo "1842"]
[PlyCount "101"]
[EventDate "2008.02.28"]
[EventType "swiss"]
[EventRounds "9"]
[EventCountry "GER"]
[SourceTitle "EXT 2022"]
[Source "ChessBase"]
[SourceDate "2021.10.06"]
[SourceVersion "1"]
[SourceVersionDate "2021.10.06"]
[SourceQuality "1"]

1. Nf3 d5 2. d4 e6 3. g3 Be7 4. Bg2 Nf6 5. 0-0 0-0 6. c4 Nc6 7. b3 b6 8. Bb2 Bb7 9. Nbd2 Re8 10. a3 a5 11. Qc2 Nd7 12. e4 dxe4 13. Qxe4 Nf6 14. Qc2 Na7 15. Rad1 b5 16. Rfe1 b4 17. a4 Nc8 18. Bh3 Nb6 19. Ne5 Nbd7 20. Ndf3 Bxf3 21. Nxf3 Qb8 22. Bg2 Ra6 23. Ne5 Nxe5 24. dxe5 Ng4 25. h3 Nh6 26. Be4 g6 27. c5 Rd8 28. Qc4 Rxd1 29. Rxd1 Qc8 30. c6 Ra8 31. Rd7 Bf8 32. g4 Kh8 33. Bc1 Kg8 34. Bg5 Qb8 35. Qc1 f5 36. gxf5 Nxf5 37. Qc4 Qe8 38. Rxc7 h6 39. Bf6 h5 40. Kh2 Bh6 41. Bxf5 gxf5 42. Qh4 Qg6 43. Qg3 Qxg3+ 44. Kxg3 Bf8 45. Kh4 Bc5 46. f3 Re8 47. Kxh5 Bb6 48. Rg7+ Kf8 49. Kg6 Bd8 50. Rf7+ Kg8 51. h4 1-0

[Event "Bad Woerishofen op 24th"]
[Site "Bad Woerishofen"]
[Date "2008.02.29"]
[Round "2"]
[White "Hauff, Andre"]
[Black "Semmler, Guenter"]
[Result "1/2-1/2"]
[WhiteElo "1865"]
[BlackElo "1877"]
[PlyCount "55"]
[EventDate "2008.02.28"]
[EventType "swiss"]
[EventRounds "9"]
[EventCountry "GER"]
[SourceTitle "EXT 2022"]
[Source "ChessBase"]
[SourceDate "2021.10.06"]
[SourceVersion "1"]
[SourceVersionDate "2021.10.06"]
[SourceQuality "1"]

1. d4 Nf6 2. c4 d6 3. Nc3 Nbd7 4. e4 e5 5. d5 Be7 6. f3 c6 7. Be3 Qa5 8. Qd2 cxd5 9. Nb5 Qd8 10. cxd5 a6 11. Nc3 0-0 12. Nge2 h6 13. Ng3 Re8 14. Be2 b5 15. 0-0 Nb6 16. Rfc1 Nh7 17. a3 Bd7 18. Na2 a5 19. Nc3 Nc4 20. Bxc4 bxc4 21. a4 Qb8 22. f4 exf4 23. Bxf4 Bg5 24. Bxg5 hxg5 25. Rf1 Qb6+ 26. Kh1 Rab8 27. Rab1 g6 28. Rf2 1/2-1/2

[Event "Niedersachsen-ch Seniors op 10th"]
[Site "Bad Bevensen"]
[Date "2007.07.07"]
[Round "5"]
[White "Semmler, Guenter"]
[Black "Wuthcke, Dieter"]
[Result "1/2-1/2"]
[WhiteElo "1930"]
[BlackElo "1842"]
[PlyCount "48"]
[EventDate "2007.07.03"]
[EventType "swiss"]
[EventRounds "9"]
[EventCountry "GER"]
[SourceTitle "EXT 2022"]
[Source "ChessBase"]
[SourceDate "2021.10.06"]
[SourceVersion "1"]
[SourceVersionDate "2021.10.06"]
[SourceQuality "1"]

1. Nf3 c5 2. c4 g6 3. d4 cxd4 4. Nxd4 Bg7 5. e4 d6 6. Be2 Nc6 7. Nb3 Bd7 8. 0-0 Nf6 9. Nc3 0-0 10. Be3 Rc8 11. Nd4 a6 12. f3 Ne5 13. Qb3 Rb8 14. Rac1 Qa5 15. Nc2 b5 16. cxb5 axb5 17. Rfd1 Rfc8 18. Nb4 Nc4 19. Bf2 Be6 20. Ncd5 Nxd5 21. exd5 Bd7 22. Rc2 Ne5 23. Rdc1 Rxc2 24. Rxc2 Bf5 1/2-1/2

[Event "EU-ch Seniors 07th"]
[Site "Hockenheim"]
[Date "2007.06.06"]
[Round "5"]
[White "Semmler, Guenter"]
[Black "Visser, Gerrit M"]
[Result "1/2-1/2"]
[WhiteElo "2030"]
[BlackElo "2240"]
[PlyCount "83"]
[EventDate "2007.06.02"]
[EventType "swiss"]
[EventRounds "9"]
[EventCountry "GER"]
[SourceTitle "CBM 118 Extra"]
[Source "ChessBase"]
[SourceDate "2007.07.04"]
[SourceVersion "1"]
[SourceVersionDate "2007.07.04"]
[SourceQuality "1"]

1. Nf3 c5 2. c4 Nc6 3. d4 cxd4 4. Nxd4 Nf6 5. Nc3 g6 6. e4 Bg7 7. Nc2 d6 8. Be2 0-0 9. 0-0 Nd7 10. Be3 Qa5 11. Nd4 Nc5 12. f3 Re8 13. Qd2 Bd7 14. Rab1 Nxd4 15. Bxd4 Bxd4+ 16. Qxd4 Ne6 17. Qe3 Qc5 18. Qxc5 dxc5 19. Rfd1 Bc6 20. Rd2 Red8 21. Rbd1 Rxd2 22. Rxd2 Kf8 23. Kf2 Nd4 24. f4 e6 25. g3 Ke7 26. Ke3 f6 27. Bf1 h6 28. Bg2 a5 29. Ne2 e5 30. Nc3 g5 31. fxe5 fxe5 32. Rf2 Ra6 33. Bf3 Nxf3 34. Kxf3 Bd7 35. Nd5+ Kd8 36. Ke3 Be8 37. Rf8 Rg6 38. Nf6 Ke7 39. Rxe8+ Kxf6 40. Rc8 b6 41. Rc6+ Kf7 42. Rxg6 1/2-1/2

[Event "EU-ch Seniors 07th"]
[Site "Hockenheim"]
[Date "2007.06.04"]
[Round "3"]
[White "Semmler, Guenter"]
[Black "Ofstad, Per"]
[Result "1/2-1/2"]
[WhiteElo "2030"]
[BlackElo "2169"]
[PlyCount "49"]
[EventDate "2007.06.02"]
[EventType "swiss"]
[EventRounds "9"]
[EventCountry "GER"]
[SourceTitle "CBM 118 Extra"]
[Source "ChessBase"]
[SourceDate "2007.07.04"]
[SourceVersion "1"]
[SourceVersionDate "2007.07.04"]
[SourceQuality "1"]

1. Nf3 d5 2. d4 Nf6 3. g3 c6 4. Bg2 Bf5 5. 0-0 Nbd7 6. Nbd2 h6 7. c4 e6 8. b3 Be7 9. Bb2 Ne4 10. Nxe4 Bxe4 11. Nd2 Bxg2 12. Kxg2 0-0 13. a3 f5 14. e3 Bf6 15. cxd5 exd5 16. Qc2 Be7 17. f3 Kh8 18. Qc3 Bf6 19. b4 Qe8 20. Rfe1 Qh5 21. a4 a6 22. Qb3 Qf7 23. Rac1 Rac8 24. Re2 Kg8 25. Qd3 1/2-1/2

[Event "GER-ch Seniors 18th"]
[Site "Dresden"]
[Date "2006.07.27"]
[Round "6"]
[White "Semmler, Guenter"]
[Black "Kuttnick, Helmut"]
[Result "1/2-1/2"]
[WhiteElo "2019"]
[BlackElo "2132"]
[PlyCount "61"]
[EventDate "2006.07.22"]
[EventType "swiss"]
[EventRounds "9"]
[EventCountry "GER"]
[SourceTitle "CBM 113 Extra"]
[Source "ChessBase"]
[SourceDate "2006.09.14"]
[SourceVersion "1"]
[SourceVersionDate "2006.09.14"]
[SourceQuality "1"]

1. Nf3 Nf6 2. d4 d6 3. g3 c6 4. Bg2 Nbd7 5. 0-0 e5 6. dxe5 dxe5 7. c4 Be7 8. Nc3 Qc7 9. Qc2 0-0 10. b3 Re8 11. Bb2 h6 12. h3 Nf8 13. e3 Ng6 14. Rfd1 Be6 15. Rd2 Rad8 16. Rad1 Rxd2 17. Rxd2 Rd8 18. Rxd8+ Qxd8 19. Ne4 Nxe4 20. Qxe4 f5 21. Qc2 Bf6 22. h4 Qc7 23. Bh3 Ne7 24. e4 g6 25. Qc1 Kf7 26. Qxh6 Qd6 27. h5 fxe4 28. Bxe6+ Kxe6 29. Ng5+ Bxg5 30. Qxg5 Qd1+ 31. Kh2 1/2-1/2

[Event "GER-ch Seniors 18th"]
[Site "Dresden"]
[Date "2006.07.26"]
[Round "5"]
[White "Weigel, Herbert"]
[Black "Semmler, Guenter"]
[Result "1/2-1/2"]
[WhiteElo "2131"]
[BlackElo "2019"]
[PlyCount "41"]
[EventDate "2006.07.22"]
[EventType "swiss"]
[EventRounds "9"]
[EventCountry "GER"]
[SourceTitle "CBM 113 Extra"]
[Source "ChessBase"]
[SourceDate "2006.09.14"]
[SourceVersion "1"]
[SourceVersionDate "2006.09.14"]
[SourceQuality "1"]

1. e4 d6 2. d4 Nf6 3. Nc3 e5 4. dxe5 dxe5 5. Qxd8+ Kxd8 6. Bc4 Be6 7. Bxe6 fxe6 8. f3 c6 9. Be3 Bb4 10. 0-0-0+ Kc7 11. Nce2 Nbd7 12. Nh3 h6 13. a3 Bc5 14. Bd2 b5 15. Rhf1 a5 16. c3 Rhb8 17. b4 Bb6 18. g4 g5 19. Nf2 axb4 20. axb4 Bxf2 21. Rxf2 1/2-1/2

[Event "Bad Woerishofen Seniors opA 22th"]
[Site "Bad Woerishofen"]
[Date "2006.03.18"]
[Round "2"]
[White "Semmler, Guenter"]
[Black "Fahnenschmidt, Gerhard"]
[Result "0-1"]
[WhiteElo "1877"]
[BlackElo "2011"]
[PlyCount "66"]
[EventDate "2006.03.17"]
[EventType "swiss"]
[EventRounds "9"]
[EventCountry "GER"]
[SourceTitle "EXT 2022"]
[Source "ChessBase"]
[SourceDate "2021.10.06"]
[SourceVersion "1"]
[SourceVersionDate "2021.10.06"]
[SourceQuality "1"]

1. Nf3 c5 2. e4 d6 3. d3 g6 4. Be2 Bg7 5. 0-0 Nc6 6. c3 Bg4 7. Nbd2 Nf6 8. Qc2 Rc8 9. Re1 0-0 10. Nf1 Ne5 11. Nh4 Bxe2 12. Qxe2 Qb6 13. Ne3 Qa6 14. Nc4 Nxc4 15. dxc4 Nd7 16. f4 Nb6 17. e5 dxe5 18. fxe5 Qxc4 19. Nf3 Qxe2 20. Rxe2 Rfd8 21. Bg5 f6 22. Bh4 Nd5 23. Bg3 f5 24. Rd1 Bh6 25. h4 Ne3 26. Rxd8+ Rxd8 27. Ng5 Rd1+ 28. Be1 Ng4 29. g3 Bxg5 30. hxg5 e6 31. Kg2 Rd5 32. Bf2 b6 33. Kf3 Nxe5+ 0-1

[Event "Bad Woerishofen Seniors opA 22th"]
[Site "Bad Woerishofen"]
[Date "2006.03.17"]
[Round "1"]
[White "Alefs, Willi"]
[Black "Semmler, Guenter"]
[Result "0-1"]
[WhiteElo "1658"]
[BlackElo "1877"]
[PlyCount "74"]
[EventDate "2006.03.17"]
[EventType "swiss"]
[EventRounds "9"]
[EventCountry "GER"]
[SourceTitle "EXT 2022"]
[Source "ChessBase"]
[SourceDate "2021.10.06"]
[SourceVersion "1"]
[SourceVersionDate "2021.10.06"]
[SourceQuality "1"]

1. Nf3 Nf6 2. g3 d6 3. d4 Nbd7 4. Bg2 e5 5. 0-0 Be7 6. c4 0-0 7. Nc3 c6 8. e4 Qc7 9. Qe2 Re8 10. b3 Nf8 11. Bb2 Ng6 12. Rad1 a6 13. Qd2 b5 14. Ne2 Nxe4 15. Qe3 f5 16. dxe5 dxe5 17. Qc1 b4 18. Ne1 Nc5 19. Nc2 a5 20. Rfe1 e4 21. Qa1 Bf8 22. Rd4 Nd3 23. Rd1 Nge5 24. Nf4 Nxf4 25. gxf4 Ng6 26. Kh1 Nxf4 27. Ne3 Be6 28. R4d2 Nd3 29. Bh3 Qf4 30. Rg1 Nxb2 31. Qxb2 Rad8 32. Re2 g6 33. Rg3 Bg7 34. Qb1 Qd6 35. Qg1 f4 36. Rxg6 hxg6 37. Qxg6 Bxh3 0-1

[Event "Hamburg Seniors op 12th"]
[Site "Hamburg"]
[Date "2005.10.29"]
[Round "2"]
[White "Semmler, Guenter"]
[Black "Putzbach, Gerd"]
[Result "0-1"]
[WhiteElo "1913"]
[BlackElo "2171"]
[PlyCount "85"]
[EventDate "2005.10.28"]
[EventType "swiss"]
[EventRounds "9"]
[EventCountry "GER"]
[SourceTitle "EXT 2007"]
[Source "ChessBase"]
[SourceDate "2006.11.23"]
[SourceVersion "1"]
[SourceVersionDate "2006.11.23"]
[SourceQuality "1"]

1. Nf3 c5 2. c4 b6 3. Nc3 g6 4. e3 Bg7 5. d4 Nf6 6. Be2 0-0 7. 0-0 a6 8. Qc2 Bb7 9. Rd1 d6 10. b3 Nbd7 11. Bb2 Qc7 12. d5 Ne5 13. Nxe5 dxe5 14. e4 Ne8 15. Re1 Nd6 16. Bd3 Bc8 17. Nd1 Bd7 18. Rc1 Rfc8 19. Qb1 b5 20. Qa1 f6 21. Rc2 b4 22. Qc1 a5 23. f4 Bh6 24. g3 Nf7 25. Rf2 a4 26. Qe3 axb3 27. axb3 exf4 28. gxf4 Ne5 29. Qg3 Nxd3 30. Qxd3 Bxf4 31. e5 Bf5 32. Qe2 Bxe5 33. Bxe5 Qxe5 34. Qxe5 fxe5 35. Rxe5 Ra1 36. Rd2 Bg4 37. Re1 Rf8 38. d6 exd6 39. Rxd6 Rf4 40. Kg2 Rd4 41. Rxd4 cxd4 42. Nf2 Rxe1 43. Nxg4 0-1

[Event "Hamburg Junge op"]
[Site "Hamburg"]
[Date "2005.10.02"]
[Round "2"]
[White "Titgemeyer, Thomas"]
[Black "Semmler, Guenter"]
[Result "1/2-1/2"]
[WhiteElo "1724"]
[BlackElo "2038"]
[PlyCount "72"]
[EventDate "2005.10.01"]
[EventType "swiss"]
[EventRounds "9"]
[EventCountry "GER"]
[SourceTitle "CBM 108 Extra"]
[Source "ChessBase"]
[SourceDate "2005.11.04"]
[SourceVersion "1"]
[SourceVersionDate "2005.11.04"]
[SourceQuality "1"]

1. d4 Nf6 2. c4 d6 3. Nc3 Nbd7 4. Nf3 e5 5. e4 c6 6. Be2 Be7 7. 0-0 0-0 8. Bg5 Re8 9. Qc2 Qc7 10. Rad1 Nf8 11. h3 Ng6 12. Qc1 h6 13. Be3 Bd7 14. Ne1 Nh7 15. f4 exf4 16. Bxf4 Bg5 17. Bxg5 Nxg5 18. Bd3 Re7 19. Nf3 Ne6 20. Qd2 a6 21. Qf2 Nef4 22. Qd2 Nxd3 23. Qxd3 b5 24. cxb5 axb5 25. Rc1 Qb6 26. b4 Be6 27. Kh1 Bc4 28. Qd2 Bxf1 29. Rxf1 Ree8 30. h4 Ra3 31. h5 Ne7 32. Nh4 c5 33. Qf4 Rf8 34. Nd5 Nxd5 35. exd5 f6 36. Nf5 Ra7 1/2-1/2

[Event "Bad Bevensen op"]
[Site "Bad Bevensen"]
[Date "2005.07.02"]
[Round "8"]
[White "Hunold, Rolf"]
[Black "Semmler, Guenter"]
[Result "1-0"]
[WhiteElo "2116"]
[BlackElo "2043"]
[PlyCount "113"]
[EventDate "2005.06.25"]
[EventType "swiss"]
[EventRounds "9"]
[EventCountry "GER"]
[SourceTitle "EXT 2007"]
[Source "ChessBase"]
[SourceDate "2006.11.23"]
[SourceVersion "1"]
[SourceVersionDate "2006.11.23"]
[SourceQuality "1"]

1. e4 d6 2. Nc3 e5 3. Bc4 Nf6 4. d3 c6 5. Nf3 Be7 6. h3 0-0 7. Bb3 b5 8. Ne2 Nbd7 9. c3 Qc7 10. g4 d5 11. Ng3 dxe4 12. dxe4 Nc5 13. Bc2 Rd8 14. Qe2 Be6 15. b3 a5 16. Ng5 Bc8 17. Be3 Ne6 18. Nf5 b4 19. Nxe6 Bxe6 20. g5 Ne8 21. Nxe7+ Qxe7 22. Rc1 bxc3 23. Bd1 Qb4 24. Qc2 Nd6 25. f3 Nb5 26. a4 Nd4 27. Qxc3 Qxc3+ 28. Rxc3 Ra6 29. Rh2 f6 30. gxf6 gxf6 31. Rg2+ Kh8 32. h4 Bf7 33. f4 exf4 34. Bxf4 Ne6 35. Bh6 Rd4 36. Bc2 Bg6 37. Be3 Rd6 38. h5 Bf7 39. Rd2 Rxd2 40. Kxd2 Be8 41. h6 Ra8 42. Rd3 Kg8 43. Kc3 Kf7 44. Rd1 Ke7 45. e5 fxe5 46. Bxh7 Bf7 47. Be4 Nf4 48. Bxf4 exf4 49. Rf1 Rd8 50. Bc2 Rg8 51. Rxf4 Rg3+ 52. Kd4 Bxb3 53. h7 Rh3 54. Bxb3 Rxh7 55. Kc5 Kd7 56. Rf7+ Rxf7 57. Bxf7 1-0

[Event "Bad Woerishofen Seniors op 21st"]
[Site "Bad Woerishofen"]
[Date "2005.03.09"]
[Round "7"]
[White "Semmler, Guenter"]
[Black "Schurig, Wilhelm"]
[Result "0-1"]
[WhiteElo "1920"]
[BlackElo "1970"]
[PlyCount "83"]
[EventDate "2005.03.03"]
[EventType "swiss"]
[EventRounds "9"]
[EventCountry "GER"]
[SourceTitle "EXT 2006"]
[Source "ChessBase"]
[SourceDate "2005.11.24"]
[SourceVersion "1"]
[SourceVersionDate "2005.11.24"]
[SourceQuality "1"]

1. Nf3 g6 2. d4 Bg7 3. g3 d6 4. Bg2 c6 5. 0-0 Nd7 6. c4 Ngf6 7. Nc3 0-0 8. h3 e5 9. e4 Re8 10. Re1 Nf8 11. dxe5 dxe5 12. Qxd8 Rxd8 13. Nxe5 Re8 14. Nf3 Be6 15. Bf1 N6d7 16. Be3 Nb6 17. Nd2 Nfd7 18. f4 Bxc3 19. bxc3 Na4 20. Rac1 h5 21. Nb3 Nb2 22. Nd2 Nb6 23. Bxb6 axb6 24. Rc2 Na4 25. Rb1 Red8 26. Nf3 c5 27. Kg2 Rd6 28. Be2 Rad8 29. Rb3 f6 30. Ra3 Bd7 31. Kf2 Bc6 32. Ke3 Kg7 33. Rd2 Kh6 34. Rxd6 Rxd6 35. Nd2 Rd8 36. Rb3 Be8 37. Nf3 Bc6 38. g4 hxg4 39. hxg4 g5 40. fxg5+ fxg5 41. Ne5 Be8 42. Ra3 0-1